| 000 | 00891pab a2200169 454500 | ||
|---|---|---|---|
| 008 | 180718b2000 xxu||||| |||| 00| 0 eng d | ||
| 100 | _aMohapatra, Brishnu N. | ||
| 245 | _aOrissa: elections and everyday politics: local narratives of a national event | ||
| 260 | _c2000 | ||
| 300 | _ap.170-73 | ||
| 362 | _a22 Jan | ||
| 520 | _aFrom a national perspective the victory of the BJP-BJD combine in the parliamentary elections is yet another victory of the National Democratic Alliance. At the state level, the decline of the Congress and the spectacular rise of the BJP point to the emergence of a distinct regional political arena in the state which has much to do with the nature of the elite and the emerging middle class in the state. - Reproduced | ||
| 650 | _aIndia. Parliament - Elections - 13th | ||
| 650 | _aElections | ||
| 773 | _aEconomic and Political Weekly | ||
| 909 | _a43752 | ||
| 999 |
_c43752 _d43752 |
||